| 000 | 00824nam a2200193 a 4500 | ||
|---|---|---|---|
| 020 | _a0852381476 : | ||
| 040 | _cUKM | ||
| 082 | _a639 PUB 1987 A045 Or. | ||
| 110 | 2 | _aFood and Agriculture Organization of the United Nations | |
| 245 | 1 | 0 |
_aCatalogue of small-scale fishing gear = _bCatalogue des engins de peche artisanale = Catalogo de artes de pesca artesanal / |
| 250 | _a2nd ed | ||
| 260 |
_aFarnham : _bPublished by arrangement with the Food and Agriculture Organization of the United Nations by Fishing News, _cc1987 |
||
| 300 |
_a224 p. : _bill. ; _c31 cm |
||
| 500 | _aPrevious ed.: published as FAO catalogue of small-scale fishing gear. 1975 | ||
| 500 | _aParallel English, French and Spanish text | ||
| 650 | 0 | _aFisheries | |
| 710 | 2 | 0 | _aFood and Agriculture Organization of the United Nations. |
| 942 | _cEK | ||
| 999 |
_c13266 _d13266 |
||